000 00211nam a22000857a 4500
008 161208b xxu||||| |||| 00| 0 eng d
100 _91950
_aJain.M.etal.
245 _aPhysics-XII
260 _aNew Delhi
_bS. Chand
_c2011
999 _c4744
_d4744